书目信息 |
| 题名: |
赵树理全集
|
|
| 作者: | 董大中 主编 | |
| 分册: | 1 小说 故事 | |
| 出版信息: | 太原 北岳文艺出版社 2018 |
|
| 页数: | 455页 | |
| 开本: | 23cm | |
| 丛书名: | ||
| 单 册: | ||
| 中图分类: | I217.32 | |
| 科图分类: | ||
| 主题词: | 中国文学--zhong guo wen xue--当代文学--作品集 , 短篇小说--duan pian xiao shuo--小说集--中国--当代 , 故事--gu shi--作品集--中国--当代 | |
| 电子资源: | ||
| ISBN: | 978-7-5378-5621-8 | |
| 000 | 00936nam0 2200265 450 | |
| 001 | 2151085896 | |
| 005 | 20211019143150.32 | |
| 010 | @a978-7-5378-5621-8@b精装@dCNY139.60(全5册698.00) | |
| 100 | @a20190406d2018 em y0chiy50 ea | |
| 101 | 0 | @achi |
| 102 | @aCN@b140000 | |
| 105 | @aa z 000zy | |
| 106 | @ar | |
| 200 | 1 | @a赵树理全集@Azhao shu li quan ji@h1@i小说 故事@f董大中主编 |
| 210 | @a太原@c北岳文艺出版社@d2018 | |
| 215 | @a455页@c照片@d23cm | |
| 330 | @a本书收录赵树理的部分小说、故事作品,包括《白马的故事》《忧心的日子》《有个人》《变了》《假关公》等。 | |
| 517 | 1 | @a小说 故事@Axiao shuo gu shi |
| 606 | 0 | @a中国文学@Azhong guo wen xue@x当代文学@x作品集 |
| 606 | 0 | @a短篇小说@Aduan pian xiao shuo@x小说集@y中国@z当代 |
| 606 | 0 | @a故事@Agu shi@x作品集@y中国@z当代 |
| 690 | @aI217.32@v5 | |
| 701 | 0 | @a董大中@Adong da zhong@4主编 |
| 801 | 0 | @aCN@b百万庄@c20211016 |
| 905 | @b1309280-83@dI217.32@e1093:1@f4 | |
| 赵树理全集.1.小说 故事/董大中主编.-太原:北岳文艺出版社,2018 |
| 455页:照片;23cm |
| ISBN 978-7-5378-5621-8(精装):CNY139.60(全5册698.00) |
| 本书收录赵树理的部分小说、故事作品,包括《白马的故事》《忧心的日子》《有个人》《变了》《假关公》等。 |
| ● |
| 相关链接 |
|
|
|
|
正题名:赵树理全集
索取号:I217.32/1093:1
 
预约/预借
| 序号 | 登录号 | 条形码 | 馆藏地/架位号 | 状态 | 备注 |
| 1 | 1309280 | 213092801 | 第一样本阅览室/ [索取号:I217.32/1093:1] | 在馆 | |
| 2 | 1309281 | 213092810 | 第二借阅区/ [索取号:I217.32/1093:1] | 在馆 | |
| 3 | 1309282 | 213092829 | 第二借阅区/ [索取号:I217.32/1093:1] | 在馆 | |
| 4 | 1309283 | 213092838 | 第二借阅区/ [索取号:I217.32/1093:1] | 在馆 |